| 000 | 01348nam0a2200361 4500 | ||
|---|---|---|---|
| 001 | RU\NLR\bibl\422861 | ||
| 005 | 20250622174135.0 | ||
| 010 |
_a5-94879-085-1 _bВ пер. _93000 |
||
| 021 |
_aRU _b2003-28432 _91328 |
||
| 035 | _a(NLR Aleph) 000416776 | ||
| 090 |
_a669518 _c669518 |
||
| 100 | _a20030717d2003 |||y0rusy50 ca | ||
| 101 | 0 | _arus | |
| 102 | _aRU | ||
| 105 | _ay ||||||||| | ||
| 200 | 1 |
_aКомментарий к правилам торговли (к законодательству о торговле) _fЯ. Е. Парций |
|
| 210 |
_aМ. _cЮрайт _d2003 |
||
| 215 |
_a654 с. _d22 |
||
| 225 | 1 | _aСерия "Профессиональные комментарии" | |
| 300 | _aНа пер. авт. не указан | ||
| 606 | 0 |
_aТорговля _xПравовое регулирование _yРоссийская Федерация _92078673 _3RU\NLR\auth\661254535 |
|
| 610 | 0 | _aТорговля - Нормативные и руководящие материалы | |
| 675 |
_a347 _v3 _zrus |
||
| 686 |
_a10.27 _2rugasnti |
||
| 686 |
_a67.404 _2rubbk |
||
| 686 | _aХ621.147 | ||
| 700 | 1 |
_aПарций _bЯ. Е. _gЯков Ефимович _4070 |
|
| 801 | 0 |
_aRU _bRKP _c20030717 _gPSBO |
|
| 801 | 1 |
_aRU _bRKP _c20030717 |
|
| 801 | 2 |
_aRU _bNLR _c20030910 _grcr |
|
| 942 | _cBOOK | ||
| 980 | _aNB | ||